Normal view
MARC view
- المسؤولية الاجتماعية-الإدارة التنفيذية-منظمات الاعمال
Entry Topical Term
001 - CONTROL NUMBER
- control field: 61607
003 - CONTROL NUMBER IDENTIFIER
- control field: JO-AjAnu
005 - DATE AND TIME OF LATEST TRANSACTION
- control field: 20230606084051.0
008 - FIXED-LENGTH DATA ELEMENTS
- fixed length control field: 230606|| aca||aabn | a|a d
040 ## - CATALOGING SOURCE
- Original cataloging agency: JO-AjAnu
- Transcribing agency: JO-AjAnu
150 ## - HEADING--TOPICAL TERM
- Topical term or geographic name entry element: المسؤولية الاجتماعية-الإدارة التنفيذية-منظمات الاعمال
670 ## - SOURCE DATA FOUND
- Source citation: Work cat.: (JO-AjAnu)31423: وهيبة، مقدم, author 61606, المسؤولية الاجتماعية في منظمات الأعمال: المفهوم والأهمية-الإدارة والتقييم- التجارب الدولية